Guidebook for teachers of educational psychology(B. Ed. level)/ (Record no. 13300)

000 -LEADER
fixed length control field 00387nam a2200133Ia 4500
008 - FIXED-LENGTH DATA ELEMENTS--GENERAL INFORMATION
fixed length control field 190923s9999||||xx |||||||||||||| ||und||
100 ## - MAIN ENTRY--AUTHOR NAME
Personal name Patel, A. S.
245 #0 - TITLE STATEMENT
Title Guidebook for teachers of educational psychology(B. Ed. level)/
260 ## - PUBLICATION, DISTRIBUTION, ETC. (IMPRINT)
Place of publication Delhi:
Name of publisher Central Institute of Education,
Year of publication 1964
300 ## - PHYSICAL DESCRIPTION
Number of Pages 113
650 ## - SUBJECT ADDED ENTRY--TOPICAL TERM
Topical Term Educational Psychology
942 ## - ADDED ENTRY ELEMENTS (KOHA)
Koha item type Books
Holdings
Lost status Damaged status Not for loan Collection code Permanent Location Current Location Shelving location Date acquired Full call number Accession Number Koha item type
        RIE AJMER LIBRARY RIE AJMER LIBRARY General Stacks 2019-09-24 370.15 PAT-G 16448 Books

Powered by Koha